Instrumentos financieros básicos (Registro nro. 321833)

Detalles MARC
000 -ENCABEZADO
Número de control [NR] 00849nam a22002297a 4500
005 - FECHA Y HORA DE LA ÚLTIMA TRANSACCIÓN
control field 20221028074034.0
008 - DE LONGITUD FIJA DE DATOS DE ELEMENTOS - INFORMACIÓN GENERAL
Elementos de longitud fija [NR] 221028s2021 ck a|||gr|||| 00| 0 spa d
020 ## - NUMERO INTERNACIONAL NORMALIZADO PARA LIBROS [R]
Número Internacional Normalizado del libro [NR] 9789587922509
040 ## - FUENTE DE CATALOGACION [NR]
Agencia de catalogación original [NR] CO-BoUCM
Idioma de catalogación [NR] spa
Quien Cataloga Deissy Garcia
Quien Clasifica Deissy Garcia
041 0# - CODIGO DE IDIOMA [R]
Código de idioma para texto/pista de sonido o título separado [R] Español
100 ## - ASIENTO PRINCIPAL--NOMBRE PERSONAL [NR]
ID Autoridad 176081
Nombre personal [NR] Torres Díaz, Patricia
245 10 - MENCION DE TITULO [NR]
Título [NR] Instrumentos financieros básicos
Parte restante del título [NR] guía práctica, apuntes de clase y casos
Mención de responsabilidad, etc. [NR] Patricia Torres Díaz
260 ## - PUBLICACION, DISTRIBUCION, ETC. (PIE DE IMPRENTA) [R]
Lugar de publicación, distribución, etc. [R] Bogotá
Nombre del editor, distribuidor, etc. [R] Ediciones de la U
Fecha de publicación, distribución, etc. [R] 2021
300 ## - DESCRIPCION FISICA [R]
Extensión [R] 141 páginas
Otros detalles físicos [NR] gráficas
490 0# - MENCION DE SERIE [R]
Mención de serie [R] Contabilidad
504 ## - NOTA DE BIBLIOGRAFIA, ETC. [R]
Nota de bibliografía, etc. [NR] Incluye referencias bibliográficas
650 #7 - ASIENTO SECUNDARIO DE MATERIA - TERMINO TEMATICO [R]
9 (RLIN) 11746
Término temático o nombre geográfico como elemento de entrada [NR] Contabilidad financiera
Subdivisión general [R] Problemas, ejercicios, etc.
650 #7 - ASIENTO SECUNDARIO DE MATERIA - TERMINO TEMATICO [R]
Término temático o nombre geográfico como elemento de entrada [NR] Matemáticas financieras
9 (RLIN) 176082
653 ## - TERMINO DE INDIZACION - NO CONTROLADO [R]
Término de indización no controlado [R] Instrumentos financieros
942 ## - ELEMENTOS DE ENTRADA AGREGADOS (KOHA)
Sistema de clasificación DEWEY
Tema principal Administración
Tipo de ítem principal el descrito en 300a Libro
Edición 1
Clasificación 657.3
Parte restante de la signatura top. T693i
Título oculto en OPAC No
Existencias
Total préstamos Signatura topográfica Código de barras Última vez visto Ejemplar Costo de reposición Price effective from Tipo de ítem Perdido Sistema de clasificación Dañado No prestable Tipo de ítem específico Suprimido Ubicación habitual Ubicación actual Localización Fecha de creación Forma de adquisición Costo
  657.3 T693i 100170436 10/12/2025 Ej.1 26000.00 28/10/2022 Libro   DEWEY     Libro   Sede del emprendimiento y la innovación Sede del Emprendimiento, Innovación y Creación 1er piso 28/10/2022 Donación 0.00